MARC details
| 000 -CABECERA |
| campo de control de longitud fija |
02239nam a22002777a 4500 |
| 008 - DATOS DE LONGITUD FIJA--INFORMACIÓN GENERAL |
| campo de control de longitud fija |
251020b |||||||| |||| 00| 0 eng d |
| 020 ## - NÚMERO INTERNACIONAL ESTÁNDAR DEL LIBRO |
| Número Internacional Estándar del Libro |
9782021583632 |
| 040 ## - FUENTE DE LA CATALOGACIÓN |
| Centro/agencia transcriptor |
TBS |
| 041 ## - CÓDIGO DE LENGUA |
| Código de lengua del texto/banda sonora o título independiente |
fre |
| 050 ## - SIGNATURA TOPOGRÁFICA DE LA BIBLIOTECA DEL CONGRESO |
| Número de clasificación |
PQ3919.3 |
| Número de documento/Ítem |
.J43Q56 2023 |
| 100 ## - ENTRADA PRINCIPAL--NOMBRE DE PERSONA |
| Nombre de persona |
Jean, Michel |
| Fechas asociadas al nombre |
1960- |
| 9 (RLIN) |
26214 |
| Término indicativo de función/relación |
author |
| 245 ## - MENCIÓN DE TÍTULO |
| Título |
Qimmik |
| Mención de responsabilidad, etc. |
/ Michel Jean. |
| 260 ## - PUBLICACIÓN, DISTRIBUCIÓN, ETC. |
| Lugar de publicación, distribución, etc. |
Montreal : |
| Nombre del editor, distribuidor, etc. |
Les Éditions Libre Expression, |
| Fecha de publicación, distribución, etc. |
2023. |
| 300 ## - DESCRIPCIÓN FÍSICA |
| Extensión |
219 pages : |
| Otras características físicas |
illustrations, maps (black and white) ; |
| Dimensiones |
22 cm. |
| 520 ## - SUMARIO, ETC. |
| Sumario, etc. |
Depuis cinq mille ans, l'inuktitut et le jappement des qimmiit résonnent dans le Nunavik. La vie y est cruelle. Mais c'est ce qui la rend belle. Précieuse. » Entre la taïga et la toundra, un jeune couple inuit du Nunavik se découvre et apprend à s'aimer. Accompagnés de leurs chiens, les qimmiit, Saullu et Ulaajuk parcourent un continent encore sauvage, tous libres et solidaires. Quelques décennies plus tard, une avocate est dépêchée sur la Côte-Nord pour défendre un meurtrier inuk dont les victimes sont d'anciens policiers de la Sécurité du Québec. Sa quête de justice l'emmènera au-delà de ce qu'elle avait imaginé. |
| 520 ## - SUMARIO, ETC. |
| Sumario, etc. |
For five thousand years, Inuktitut and the yapping of the qimmiit have resonated in Nunavik. Life there is cruel. But that's what makes it beautiful. Precious." Between the taiga and the tundra, a young Inuit couple from Nunavik discover each other and learn to love each other. Accompanied by their dogs, the qimmiit, Saullu and Ulaajuk travel across a still wild continent, all free and united. A few decades later, a lawyer is dispatched to the North Shore to defend an Inuk murderer whose victims are former Quebec Security police officers. Her quest for justice will take her beyond what she had imagined. |
| 650 #0 - PUNTO DE ACCESO ADICIONAL DE MATERIA--TÉRMINO DE MATERIA |
| Término de materia o nombre geográfico como elemento de entrada |
Inuit |
| Subdivisión geográfica |
Canada |
| Subdivisión de forma |
Fiction |
| 9 (RLIN) |
26215 |
| 650 #0 - PUNTO DE ACCESO ADICIONAL DE MATERIA--TÉRMINO DE MATERIA |
| Término de materia o nombre geográfico como elemento de entrada |
Murder |
| Subdivisión general |
Investigation |
| Subdivisión geográfica |
Québec (Province) |
| Subdivisión de forma |
Fiction |
| 9 (RLIN) |
26216 |
| 650 #0 - PUNTO DE ACCESO ADICIONAL DE MATERIA--TÉRMINO DE MATERIA |
| Término de materia o nombre geográfico como elemento de entrada |
Sled dogs |
| Subdivisión de forma |
Fiction |
| 9 (RLIN) |
26217 |
| 650 #0 - PUNTO DE ACCESO ADICIONAL DE MATERIA--TÉRMINO DE MATERIA |
| Término de materia o nombre geográfico como elemento de entrada |
Serial murderers |
| Subdivisión geográfica |
Québec (Province) |
| Subdivisión de forma |
Fiction |
| 9 (RLIN) |
26218 |
| 650 #0 - PUNTO DE ACCESO ADICIONAL DE MATERIA--TÉRMINO DE MATERIA |
| Término de materia o nombre geográfico como elemento de entrada |
Police |
| Subdivisión geográfica |
Québec (Province) |
| Subdivisión general |
Assassination |
| Subdivisión de forma |
Fiction |
| 9 (RLIN) |
26219 |
| 650 #0 - PUNTO DE ACCESO ADICIONAL DE MATERIA--TÉRMINO DE MATERIA |
| Término de materia o nombre geográfico como elemento de entrada |
Human-animal relationships |
| Subdivisión geográfica |
Québec (Province) |
| Subdivisión de forma |
Fiction |
| 9 (RLIN) |
26220 |
| 655 #0 - TÉRMINO DE INDIZACIÓN--GÉNERO/FORMA |
| Datos o término principal de género/forma |
Detective and mystery fiction |
| 9 (RLIN) |
23664 |
| 655 #0 - TÉRMINO DE INDIZACIÓN--GÉNERO/FORMA |
| Datos o término principal de género/forma |
Historical fiction |
| 9 (RLIN) |
22722 |
| 942 ## - ELEMENTOS DE ENTRADA AGREGADA (KOHA) |
| Fuente del sistema de clasificación o colocación |
Clasificación de Library of Congress |